000 00434nam a2200193Ia 4500
008 210210b1946 xxu||||| |||| 00| 0 eng d
041 _aeng
082 _a822/69
100 _aBAKER (A)
245 _aWilliam temple and his message
260 _aEngland
_bPenguin Books
_c1946
650 _aWilliam
650 _atemple
650 _amessage
650 _ahis
650 _aand
690 _aEnglish Prose
906 _a012256
999 _c131042
_d131042